banner-ar

العرب والتحديات الدولية والشرق اوسطية / (Record no. 48378)

MARC details
000 -الفاتح
حقل البيانات ثابتة الطول 00584nam a2200181Ia 4500
008 - عناصر البيانات ثابتة الطول - معلومات عامة
حقل البيانات ثابتة الطول 140319s9999 xx 000 0 ara d
040 ## - مصدر الفهرسة
وكالة الفهرسة الأصلية GCL /
وكالة النسخ GCL
082 04 - رقم تصنيف ديوى العشرى
رقم التصنيف 320.956
رقم المادة ك ع
100 1# - المدخل الرئيسى - إسم شخصى
الإسم الشخصى كمال شاتيلا
245 10 - بيان العنوان
العنوان العرب والتحديات الدولية والشرق اوسطية /
بيان المسئوليه,etc كمال شاتيلا
300 ## - الوصف المادى
التعداد 120 ص
490 ## - بيان السلسلة
عنوان السلسلة
650 04 - المدخل الاضافى بالموضوع-مصطلح موضوعى
مصطلح موضوعي السوق العربية المشتركة
650 04 - المدخل الاضافى بالموضوع-مصطلح موضوعى
مصطلح موضوعي السوق الشرق اوسطية
650 04 - المدخل الاضافى بالموضوع-مصطلح موضوعى
مصطلح موضوعي العالم العربى - الاحوال السياسية
942 ## - عناصر المدخل الإضافي( كوها)
مصدر التصنيف او مخطط الترفيف Dewey Decimal Classification
Koha [default] item type كتاب
Holdings
حالة التراجع حالة الفقد حالة تلف ليس للاعارة المكان المؤقت الموقع الحالى تاريخ الاكتساب اجمالي اﻻعارات رقم الطلب الباركود تاريخ اخر مشاهدة تاريخ تفعيل السعر نوع وعاء كوها
        مكتبة القاهرة الكبرى مكتبة القاهرة الكبرى 03/26/2014   320.956\ك ع 116825 03/26/2014 03/26/2014 كتاب
        مكتبة القاهرة الكبرى مكتبة القاهرة الكبرى 03/26/2014   320.956\ك ع 116826 03/26/2014 03/26/2014 كتاب

Powered By

EGPV